000 00936nam a2200301 a 4500
001 000009492
003 DO-SdBPM
005 20250821120617.0
007 ta
008 090930s1998 dr 000 p spa d
040 _aDO-SdBPM
_bspa
_cBPMSU
_drda
082 4 _aPR861.44
_bN682e, 1998
_222
100 _aNieves Albert, Dalia,
_d1948-
_eautora
245 1 0 _aEn el diario asombro de lo humano /
_cDalia Albert Nieves.
250 _a2a ed.
264 _aSanto Domingo :
_bGente,
_c1998.
300 _a85 páginas ;
_c21 cm.
336 _atexto
_btxt
_2rdacontent
337 _asin mediación
_bn
_2rdamedia
338 _avolumen
_bnc
_2rdacarrier
490 0 _aEspacios culturales
500 _aIncluye datos biográficos del autor en la contracubierta
590 _aInventariado, 2025/VM
650 7 _aPoesía puertorriqueña
650 7 _aLiteratura puertorriqueña
910 _aVMateo V. Control de calidad BPMSU
942 _2ddc
_cBK
999 _c15345
_d15345